[Event "Biel"]
[Site "13"]
[Date "1980.07.19"]
[Round "1"]
[White "Shamkovich, Leonid"]
[Black "Wirthensohn, Heinz"]
[Result "1-0"]
[WhiteElo "2515"]
[BlackElo "2425"]
[Annotator "JvR"]
[PlyCount "199"]
[EventDate "1980.07.??"]
[SourceDate "2013.10.27"]

{The thirteenth Internationales Schachfestival was played at the Kongresshaus
in Biel from 19 until 31 vii 1980.} 1. e4 c5 2. Nf3 d6 3. d4 cxd4 4. Nxd4 Nf6
5. Nc3 e6 6. Be2 Be7 7. Be3 Nc6 8. O-O O-O 9. f4 e5 10. Nb3 exf4 11. Rxf4 Nd7
12. Rf2 $5 ({Usual is} 12. Rf1) 12... Nde5 13. Nd4 Nxd4 14. Qxd4 Bh4 15. Rff1
Bf6 16. Qd2 Nc6 17. Rab1 Be5 18. Nd5 {White has the initiative.} Be6 19. Bg5
Qd7 20. c3 Kh8 21. Rbd1 Rac8 22. Qe1 f6 23. Be3 Ne7 $5 24. Bxa7 $1 Bxd5 25.
exd5 Qa4 26. Bd4 $5 Qxa2 27. Bg4 Ra8 28. Qf2 Bxd4 29. Rxd4 {
Shamkovich has small advantages.} f5 30. Bf3 Ng6 31. Rb4 Rab8 32. Qb6 Ne5 $2 (
32... Rfd8 {protects a pawn.}) 33. Qxd6 {White has gained a pawn.} Nxf3+ 34.
Rxf3 Rbd8 35. Qc5 $1 Rfe8 36. Rxb7 Rxd5 37. Qc7 Rd1+ $1 38. Kf2 Rd2+ $5 39. Kg3
Rg8 40. Rf2 $2 Rxf2 $2 (40... Qe6 $1 41. Rxd2 Qe3+ 42. Kh4 Qxd2 {
wins for Black.}) 41. Kxf2 Qa4 42. h3 f4 43. Rb8 Qe4 44. Rxg8+ Kxg8 45. Qd8+
Kf7 46. Qd2 g5 47. b4 Kg6 48. Qe2 Qd5 49. h4 h5 $2 ({Better is} 49... h6) 50.
Qa6+ Kg7 51. Qa7+ Kg6 52. Qd4 $2 {White goes to the wrong queen ending.} ({
Right is} 52. Qa6+ $1 Kg7 53. hxg5 $1) 52... Qa2+ 53. Kf3 g4+ 54. Kxf4 Qxg2 55.
Qe4+ Qxe4+ 56. Kxe4 Kf6 57. c4 Ke6 58. c5 Kd7 59. b5 Kc8 60. c6 Kc7 61. Ke3 Kd6
62. Kd4 Kc7 63. Kc5 $5 g3 64. b6+ Kc8 65. Kd6 g2 66. b7+ Kb8 67. Kd7 g1=Q 68.
c7+ Kxb7 69. c8=Q+ Ka7 70. Qc7+ Ka6 71. Qc4+ Ka7 72. Qa4+ Kb6 73. Qb3+ Ka6 74.
Qc4+ Kb6 75. Qe6+ Kb7 76. Qd5+ Kb6 77. Qxh5 {
The position is theoretically drawn, but mistakes can be made easily.} Qg7+ 78.
Ke6 Qg8+ 79. Ke7 Qg7+ $2 ({Correct is} 79... Qg3 80. Qg5 Qc7+ $1) 80. Qf7 $1
Qg3 81. Qf6+ $1 Kc7 82. Qg5 $2 (82. h5 {wins for White.}) 82... Qa3+ 83. Kf7
Qb3+ 84. Kg7 Qc3+ $2 (84... Qb2+ $1 85. Qf6 Qg2+ $1 86. Kh7 Qh3 {draws.}) 85.
Qf6 $1 Qg3+ 86. Kh7 $2 ({Better is} 86. Kf8 Qh3 87. Qe5+ Kb7 88. h5) 86... Qh3
87. Qg5 Kb6 $2 (87... Qd3+ {draws.}) 88. h5 $1 Qd7+ 89. Qg7 $2 Qh3 $2 ({
Correct is} 89... Qd5 90. h6 Ka5) 90. Qe5 $1 Qd7+ 91. Kg6 Qd3+ 92. Qf5 Qg3+ 93.
Kf7 Qc7+ 94. Kg8 Qb8+ ({Or} 94... Qh2 95. Kg7) 95. Kg7 $1 Qc7+ 96. Qf7 Qh2 97.
h6 Ka5 98. h7 Qe5+ 99. Qf6 Qg3+ 100. Kh6 {Shamkovich also won the second game.}
({The pointe is} 100. Kh6 Qh3+ 101. Kg6 {and the last pawn will queen soon.})
1-0

[Event "Biel"]
[Site "13"]
[Date "1980.07.23"]
[Round "4"]
[White "Toth, Bela"]
[Black "Cuartas, Carlos"]
[Result "0-1"]
[WhiteElo "2390"]
[BlackElo "2420"]
[Annotator "JvR"]
[PlyCount "54"]
[EventDate "1980.07.??"]
[SourceDate "2013.10.27"]

1. d4 d5 2. c4 Bf5 3. Nf3 e6 4. Qb3 Nc6 {
He plays a line of the Chigorin Defence.} 5. Bd2 Rb8 6. e3 Nf6 7. c5 a6 8. Qa4
Nd7 9. Nc3 $5 ({Known is} 9. b4) 9... e5 $1 {Cuartas counters in the centre.}
10. Nxd5 e4 $5 ({The alternative is} 10... Nxc5 11. dxc5 Qxd5) 11. Ng1 $6 ({
Preferable is} 11. Qc2 Nxc5 12. Nxc7+ Qxc7 13. dxc5) 11... Nxc5 $1 12. Nxc7+
Qxc7 13. dxc5 Bxc5 {Black has an advantage in development.} 14. Rc1 Qb6 $6 (
14... Qd6 $5 15. Bc3 O-O {gains more advantage.}) 15. Ne2 O-O 16. Ng3 Bg6 17.
Nxe4 $5 Bb4 18. Bxb4 Nxb4 19. Nc3 $5 Rbc8 $5 20. Qb3 $2 (20. Be2 Nd3+ 21. Bxd3
Bxd3 22. Rd1 {defends passively.}) 20... Be4 $6 (20... Nc2+ 21. Rxc2 Qxb3 22.
axb3 Bxc2 {wins material.}) 21. Bc4 Rxc4 $1 22. Qxc4 Nd3+ 23. Kf1 Qxb2 24. Nxe4
Nxc1 25. a4 $2 (25. g3 Nxa2 26. Kg2 b5 27. Qc5 {prolongs the game.}) 25... b5
26. axb5 axb5 27. Nf6+ Kh8 $1 {Cuartas attacked vigorously.} 0-1

[Event "Biel"]
[Site "13"]
[Date "1980.07.24"]
[Round "5"]
[White "Liberzon, Vladimir"]
[Black "Gruenfeld, Yehuda"]
[Result "0-1"]
[WhiteElo "2545"]
[BlackElo "2455"]
[Annotator "JvR"]
[PlyCount "56"]
[EventDate "1980.07.??"]
[SourceDate "2013.10.27"]

1. e4 c5 2. Nf3 d6 3. d4 cxd4 4. Nxd4 Nf6 5. Nc3 a6 6. Bg5 e6 7. f4 Qb6 8. Qd2
Qxb2 9. Rb1 Qa3 10. f5 Nc6 11. fxe6 fxe6 12. Nxc6 bxc6 13. e5 dxe5 14. Bxf6
gxf6 15. Ne4 Qxa2 16. Rd1 Be7 17. Be2 O-O 18. O-O f5 19. Qh6 Qxc2 {
They play a long theoretical line of the Poisoned Pawn Variation.} 20. Ng5 $2 (
{Correct is} 20. Rd3 Qxe2 21. Rg3+ Kf7 22. Rxf5+ exf5 23. Rg7+ Ke8 24. Qxc6+
Kd8 25. Qb6+ Ke8 26. Qc6+ {
and perpetual check (Velimirovic - Ftacnik, Vrsac 1981).}) 20... Bc5+ $1 21.
Kh1 Ra7 22. Bxa6 $5 Bxa6 23. Qxe6+ Rff7 24. Rc1 Qd2 25. Nxf7 Rxf7 26. Rfd1 Qe3
$1 27. Re1 Qf2 28. Rxe5 Bf1 {
White has no perpetual and will be mated. Gruenfeld developed a winning streak.
} 0-1

[Event "Biel"]
[Site "13"]
[Date "1980.07.25"]
[Round "6"]
[White "Gruenfeld, Yehuda"]
[Black "Pachman, Ludek"]
[Result "1-0"]
[WhiteElo "2455"]
[BlackElo "2510"]
[Annotator "JvR"]
[PlyCount "77"]
[EventDate "1980.07.??"]
[SourceDate "2013.10.27"]

1. e4 e6 2. d4 d5 3. Nd2 b6 4. Ngf3 Nf6 5. e5 Nfd7 6. c4 Bb7 7. cxd5 Bxd5 8.
Bc4 $1 ({The alternative is} 8. Bd3) 8... Bxc4 9. Nxc4 Nc6 10. O-O Nb4 11. Ne3
c6 12. a3 Nd5 13. Nxd5 $5 cxd5 14. Bg5 Be7 15. Bxe7 Qxe7 16. Qa4 O-O 17. Rfc1 {
White has a pleasant position.} Qd8 18. Qa6 Re8 19. Rc3 Nf8 $6 ({Better is} 
19... f6 20. exf6 Nxf6) 20. Rac1 Re7 21. h4 h6 22. h5 Rd7 23. Rc6 Qe7 $2 24.
Rc8 $2 (24. Rxb6 $1 {gains a pawn.}) 24... Rxc8 25. Qxc8 g6 26. hxg6 fxg6 27.
Rc3 Rd8 28. Qc6 g5 29. Nh2 h5 30. Rg3 Nh7 $5 31. Qc2 Kh8 $2 (31... Qg7 32. Rc3
Nf8 {defends properly.}) 32. Qg6 $1 h4 $2 ({Preferable is} 32... Qe8 33. Qh6 g4
) 33. Rc3 $1 Rf8 34. Rc6 Qf7 35. Qxf7 Rxf7 36. Rxe6 Rf4 37. Nf3 h3 38. Rd6 hxg2
39. Kxg2 {Gruenfeld won again.} 1-0

[Event "Biel"]
[Site "13"]
[Date "1980.07.29"]
[Round "9"]
[White "Franzoni, Giancarlo"]
[Black "Shamkovich, Leonid"]
[Result "0-1"]
[WhiteElo "2200"]
[BlackElo "2515"]
[Annotator "JvR"]
[PlyCount "74"]
[EventDate "1980.07.??"]
[SourceDate "2013.10.27"]

1. e4 c5 2. Nc3 Nc6 3. g3 g6 4. Bg2 Bg7 5. d3 d6 6. f4 e6 7. Nf3 Nge7 8. O-O
O-O 9. Be3 Nd4 10. Bf2 Nxf3+ 11. Bxf3 Nc6 12. Rb1 Nd4 $5 13. Bg2 Qa5 14. a3 $5
Bd7 15. g4 f5 16. gxf5 gxf5 17. Ne2 Qa4 18. Nxd4 cxd4 19. exf5 Rxf5 20. Be4 $6
({Preferable is} 20. Bxb7 Raf8 21. Bf3) 20... Rxf4 21. Qh5 Rxe4 $1 22. dxe4
Qxc2 {Black has a positional advantage.} 23. Qg4 $6 (23. Rbc1 $1 Qxe4 24. Rfe1
Qf4 25. Rc7 Rf8 26. Bg3 Qf7 27. Qxf7+ Rxf7 28. Rxb7 {defends properly.}) 23...
Kh8 $1 24. Rbc1 Qb3 $2 {He should capture on b2.} 25. Kh1 $1 Rg8 26. Rg1 $1 Bc6
27. Bh4 $2 (27. Bxd4 $1 e5 28. Rc3 {wins for White.}) 27... e5 28. Rg3 $2 ({
Correct is} 28. Rcf1 h6 29. Bg5 $1) 28... Qf7 $1 29. Qe2 $2 Qf4 30. Bg5 Qxe4+
31. Qxe4 Bxe4+ 32. Kg1 Bc6 33. Kf2 Rf8+ 34. Ke1 Rf7 35. Rc2 h6 36. Bc1 e4 37.
Rf2 Re7 {Shamkovich won again.} 0-1

[Event "Biel"]
[Site "13"]
[Date "1980.07.29"]
[Round "9"]
[White "Hoelzl, Franz"]
[Black "Gruenfeld, Yehuda"]
[Result "0-1"]
[WhiteElo "2415"]
[BlackElo "2455"]
[Annotator "JvR"]
[PlyCount "110"]
[EventDate "1980.07.??"]
[SourceDate "2013.10.27"]

1. c4 Nf6 2. Nc3 e6 3. e4 c5 4. e5 Ng8 5. Nf3 Nc6 6. d4 cxd4 7. Nxd4 Nxe5 8.
Ndb5 a6 9. Nd6+ Bxd6 10. Qxd6 f6 11. Be3 Ne7 12. Bb6 Nf5 13. Bxd8 Nxd6 14. Bc7
Ke7 15. c5 Ne8 16. Bb6 d5 17. cxd6+ Nxd6 18. Bc5 Nef7 19. Rd1 Rd8 20. Bd3 $5 {
White has a positional compensation for the pawn.} ({Usual is} 20. h4) 20... f5
21. O-O Kf6 $5 (21... Bd7 {develops a piece.}) 22. f4 b5 23. Bd4+ Ke7 24. Bxg7
$5 Ne8 25. Be5 Nxe5 26. fxe5 Bb7 {The chances are equal.} 27. Rf4 Ng7 28. a4
bxa4 29. Rxa4 a5 30. Kf2 Bc6 31. Rc4 Be8 $1 32. Be2 Rdb8 33. Rc7+ Kf8 34. Rd2
a4 35. Bc4 Ra5 36. Kf3 $5 (36. Re2 Bh5 37. Rd2 Be8 {draws.}) 36... Rxe5 37. Kf4
Ra5 38. Kg5 $5 h6+ $5 39. Kxh6 {The king attacks.} f4 $1 40. Be2 Nf5+ 41. Kg5
Rb4 42. Bb5 $2 ({The retreat by} 42. Kg4 Ne3+ 43. Kf3 {is better.}) 42... Nd4
$2 (42... Rd4 $1 43. Rxd4 Nxd4 44. Kf6 Nxb5 {costs a piece.}) 43. Kf6 Nxb5 44.
Rh7 Kg8 45. Rg7+ Kf8 46. Rh7 Kg8 47. Rg7+ Kh8 48. Rd8 Nd6 $1 49. Rgd7 $6 (49.
Rxd6 Rf5+ 50. Kxe6 Kxg7 51. Kxf5 Rxb2 52. Kxf4 Rxg2 {equalises.}) 49... f3 $1
50. gxf3 Rf4+ 51. Kxe6 Nf7 52. Rxe8+ Kg7 53. Rd3 Rf6+ 54. Ke7 $2 (54. Kd7 $1
Ra7+ 55. Kc8 Nd6+ 56. Rxd6 Rxd6 57. Re4 a3 58. bxa3 Rc6+ 59. Kb8 Rxa3 60. Re7+
{leads to survival.}) 54... Ne5 55. Rd2 Ra7+ {White will be mated soon.} 0-1

[Event "Biel"]
[Site "13"]
[Date "1980.07.30"]
[Round "10"]
[White "Cuartas, Carlos"]
[Black "Farron, Malcolm"]
[Result "1-0"]
[WhiteElo "2410"]
[BlackElo "2200"]
[Annotator "JvR"]
[PlyCount "127"]
[EventDate "1980.07.??"]
[SourceDate "2013.10.27"]

1. e4 c5 2. Nf3 Nc6 3. d4 cxd4 4. Nxd4 Qc7 5. Nc3 e6 6. g3 a6 7. Bg2 d6 8. O-O
Nf6 9. b3 Be7 10. Bb2 Bd7 11. Nce2 O-O 12. c4 Rfd8 13. Nc3 Nxd4 14. Qxd4 Bc6
15. Rac1 Rac8 $5 16. Nd5 $1 {White delivers a temporary sacrifice.} exd5 17.
cxd5 Qa5 18. dxc6 bxc6 19. a3 Qb5 20. Qc4 {He has achieved an edge.} c5 21.
Rfd1 Rb8 22. e5 $5 Qxc4 23. Rxc4 dxe5 24. Rxd8+ Rxd8 25. Bxe5 Rd1+ 26. Bf1 Nd7
$5 27. Bf4 $5 Nb6 $2 (27... Rb1 $1 28. a4 g5 {counters.}) 28. Rc1 $1 Rxc1 29.
Bxc1 {Cuartas has advantages in the endgame.} a5 $6 (29... c4 $1 30. bxc4 Bc5 {
defends well.}) 30. Bd2 a4 31. Ba5 Bd8 32. bxa4 Kf8 33. Bb5 Ke7 34. Bc3 f6 35.
a5 Nd5 36. Bd2 Kd6 37. f4 Ne7 38. Bc4 Kc6 39. Kf2 Nc8 40. Ke3 Nd6 41. Kd3 h5
42. a4 Bc7 43. a6 $1 Bb6 44. Be6 Kc7 45. f5 Kc6 46. Bf4 Ba7 47. h3 Bb6 48. g4
hxg4 49. hxg4 Ba7 50. Bd2 $6 Kb6 $1 51. Bc4 Kc6 52. Bc3 Kb6 53. Be6 $2 Bb8 $2 (
53... Kxa6 54. g5 fxg5 55. Bxg7 Ka5 56. f6 Kxa4 57. Bf8 Bb8 {utilises an error.
}) 54. g5 $1 fxg5 55. Bxg7 g4 56. Be5 Kxa6 57. f6 Ka5 58. f7 Nxf7 59. Bxb8 Ng5
60. Bd7 Kb4 61. Bf4 c4+ 62. Ke3 Nf7 63. Be8 Nd8 64. Bd6+ {
Cuartas neared the leaders.} 1-0

[Event "Biel"]
[Site "13"]
[Date "1980.07.31"]
[Round "11"]
[White "Gruenfeld, Yehuda"]
[Black "Shamkovich, Leonid"]
[Result "1-0"]
[WhiteElo "2455"]
[BlackElo "2515"]
[Annotator "JvR"]
[PlyCount "83"]
[EventDate "1980.07.??"]
[SourceDate "2013.10.27"]

{Gruenfeld and Shamkovich shared the lead, when the last round began. They met
in the decisive game of the tournament.} 1. e4 c6 2. d4 d5 3. Nc3 dxe4 4. Nxe4
Bf5 5. Ng3 Bg6 6. h4 h6 7. Nf3 Nd7 8. h5 Bh7 9. Bd3 Bxd3 10. Qxd3 Ngf6 11. Bd2
e6 12. O-O-O Qc7 13. Qe2 O-O-O 14. Ne5 Nb6 15. Ba5 Rd5 16. Bxb6 axb6 17. Kb1 $5
({Theory is} 17. c4 Ra5 18. Kb1) 17... b5 18. f4 Bd6 19. Nf1 b4 20. Ne3 Rb5 21.
N3c4 Rd8 22. Rhf1 Bf8 23. g4 Kb8 24. g5 Nd5 25. g6 f5 26. Nf7 Re8 27. Qf3 Nf6
28. Rfe1 Rd5 29. Re5 b5 30. Ne3 Rd7 $1 31. Qe2 {The chances are equal.} Qa5 $2
({Right is} 31... Qc8 {and rook e8 gets protection.}) 32. d5 $1 cxd5 33. Nxd5
$1 Qa6 $6 (33... Ne4 34. Ne3 Rxd1+ 35. Nxd1 Bc5 36. Nf2 $1 {
also wins for White.}) 34. Nxf6 Rxd1+ 35. Qxd1 gxf6 36. Qd7 $1 fxe5 37. Qxe8+
Qc8 38. Qxb5+ Qb7 39. Qxb7+ Kxb7 40. Nd8+ Kc8 41. Nxe6 exf4 42. Kc1 $1 {
The final standings became: Gruenfeld 81/2/11, Shamkovich and Cuartas 71/2,
Wirthensohn, Pachman and Sahovic 6, Toth 51/2, Liberzon, Hölzl, Farron 5,
Franzoni 21/2, Hebert 11/2.} 1-0

[Event "Biel"]
[Site "14"]
[Date "1981.07.24"]
[Round "1"]
[White "Franzoni, Giancarlo"]
[Black "Hort, Vlastimil"]
[Result "0-1"]
[WhiteElo "2295"]
[BlackElo "2595"]
[Annotator "JvR"]
[PlyCount "146"]
[EventDate "1981.07.24"]
[SourceDate "2013.10.27"]

{The fourteenth Schachfestival was played in Biel from 24 vii until 6 viii
1981. Fourteen persons participated in the grandmaster group.} 1. e4 d6 2. d4
Nf6 3. Nc3 g6 4. g3 Bg7 5. Bg2 O-O 6. Nge2 Nbd7 7. O-O a6 8. a4 c5 9. h3 Qc7
10. dxc5 Nxc5 11. Bg5 $5 ({Known is} 11. Be3) 11... Be6 12. Nf4 Qa5 13. Nxe6
Nxe6 14. Bd2 Qc7 15. Re1 Rfc8 16. Nd5 Nxd5 17. exd5 Nc5 18. Bg5 Re8 19. c3 Bf6
20. Be3 b5 21. axb5 axb5 22. Rxa8 Rxa8 23. Qe2 Rb8 24. Bd4 Kf8 25. Qe3 Kg8 26.
h4 Na4 27. Re2 Bxd4 28. Qxd4 Qc4 29. Qxc4 bxc4 30. Rxe7 Rxb2 31. Rc7 Rb1+ 32.
Kh2 Nxc3 33. Rxc4 {The chances in the endgame are equal.} Nd1 34. Rc6 $6 (34.
Rc2 Rb3 35. Rd2 {draws.}) 34... Nxf2 35. Rxd6 Ng4+ 36. Kh3 h5 $1 {
Hort restricts his opponent.} 37. Bf3 Ne5 38. Rf6 $5 Rb2 ({Or} 38... Nxf3 $5
39. Rxf3 Rd1 {drawn.}) 39. Rf4 Rd2 40. Bg2 Ng4 41. Ra4 Kf8 42. Ra7 Ke8 43. Rb7
f5 44. Rb4 $5 Kd7 45. Ra4 Kd6 46. Ra6+ Kc5 47. Ra4 $6 (47. Rc6+ $1 Kd4 48. Re6
{is alright.}) 47... Kb5 $5 48. Rf4 $5 Ka5 49. Rf3 Kb4 50. Rf4+ Kb3 51. Rf3+
Kc2 52. Ra3 Kd1 53. Rb3 Ke2 54. Bf3+ $2 (54. Rb4 Ne3 55. Rf4 Nxg2 56. Kxg2 Rxd5
57. Ra4 {still leads to a drawn rook ending.}) 54... Kf2 $1 55. Bxg4 hxg4+ 56.
Kh2 Kf1+ 57. Kh1 Rxd5 58. Rb1+ Kf2 59. Kh2 Re5 60. Rb3 Re3 61. Rb4 Re4 $1 62.
Rb3 Re8 63. Ra3 g5 $1 64. h5 f4 65. h6 Ra8 $1 66. Rb3 Ra6 $1 67. Rb2+ Ke3 68.
Rb3+ Ke2 69. Rb2+ Kd3 70. Rb5 Rxh6+ 71. Kg1 Ke3 72. Rxg5 Kf3 73. gxf4 Ra6 {
Hort had a great start.} 0-1

[Event "Biel"]
[Site "14"]
[Date "1981.07.26"]
[Round "3"]
[White "Cuartas, Carlos"]
[Black "Lobron, Eric"]
[Result "0-1"]
[WhiteElo "2430"]
[BlackElo "2395"]
[Annotator "JvR"]
[PlyCount "70"]
[EventDate "1981.07.24"]
[SourceDate "2013.10.27"]

1. e4 c5 2. Nf3 e6 3. d4 cxd4 4. Nxd4 a6 5. Bd3 g6 6. b3 Bg7 7. Bb2 Nf6 8. c4
d6 9. O-O O-O 10. Nc3 Nbd7 11. Rc1 $5 Qc7 12. Qe2 b6 13. Kh1 Bb7 14. f4 Rfe8
15. b4 Rac8 16. Nb3 Qb8 17. Rce1 Nh5 18. Qd2 $6 ({Better is} 18. g4 $5 Nhf6 19.
Nd1) 18... Bh6 $1 19. Ne2 $6 (19. Qf2 d5 $1 20. cxd5 Qxf4 21. Qd4 Qe5 22. Qf2
Qf4 23. Qd4 {leads to a perpetual.}) 19... e5 $1 20. Qc3 Ndf6 21. fxe5 dxe5 22.
Ng1 $5 Nf4 23. Nf3 Nxd3 24. Qxd3 Rcd8 25. Qc2 Re6 26. Nxe5 $2 ({Correct is} 26.
Bc1) 26... Rxe5 27. Rxf6 Rxe4 28. Rff1 Rg4 $1 29. Re2 Qa8 $1 {
Chessmen are aimed on g2.} 30. h3 Be4 $1 31. Qc3 Bxg2+ 32. Kg1 Be3+ $1 33. Qxe3
Bxh3+ 34. Kh2 Bxf1 35. Rf2 Rg2+ $1 {Lobron delivers mate soon.} 0-1

[Event "Biel"]
[Site "14"]
[Date "1981.07.28"]
[Round "5"]
[White "Kaenel, Hansjuerg"]
[Black "Hort, Vlastimil"]
[Result "0-1"]
[WhiteElo "2240"]
[BlackElo "2595"]
[Annotator "JvR"]
[PlyCount "95"]
[EventDate "1981.07.24"]
[SourceDate "2013.10.27"]

1. Nf3 Nf6 2. e3 g6 3. b4 Bg7 4. Bb2 d6 5. c4 e5 6. d4 e4 7. Nfd2 O-O 8. Nc3
Re8 9. b5 $5 (9. Be2 {was played in Sokolsky - Kopylov, Leningrad 1947.}) 9...
Nbd7 10. Be2 h5 11. Qc2 Qe7 12. O-O Nf8 13. Rfc1 Bf5 14. Nd5 Qd8 15. a4 Ne6 16.
Nxf6+ Bxf6 17. Qb3 c5 $1 {Hort counters on the queenside.} 18. bxc6 bxc6 19.
Qa3 c5 $1 20. d5 $5 Nc7 21. Rab1 Na6 22. Bxf6 Qxf6 23. Qc3 Qxc3 24. Rxc3 Nb4 $1
{Black has the initiative.} 25. a5 Rab8 26. Bd1 Bd7 $1 27. Ra3 f5 28. Kf1 h4 $1
29. f3 Kg7 30. Be2 Kf6 31. Kf2 g5 32. h3 Ke5 33. Rbb3 Rb7 34. Rb1 Reb8 35. Rbb3
Be8 36. Bf1 Bg6 37. Be2 Kf6 38. Bf1 Nc2 39. Rxb7 Rxb7 40. Rb3 $2 ({Better is} 
40. Ra2 $1 Nb4 41. Ra3 exf3 42. Nxf3) 40... Rxb3 41. Nxb3 f4 $1 42. exf4 e3+ $1
43. Ke2 gxf4 44. Kd1 Nb4 45. Kc1 Bc2 46. Kb2 Bd3 $1 47. Bxd3 Nxd3+ 48. Kc2 {
The e-pawn is going to queen.} 0-1

[Event "Biel"]
[Site "14"]
[Date "1981.08.02"]
[Round "9"]
[White "Hort, Vlastimil"]
[Black "Wirthensohn, Heinz"]
[Result "1-0"]
[WhiteElo "2595"]
[BlackElo "2420"]
[Annotator "JvR"]
[PlyCount "109"]
[EventDate "1981.07.24"]
[SourceDate "2013.10.27"]

1. e4 c5 2. Nc3 e6 3. f4 d5 4. d3 Nc6 5. Nf3 Nf6 6. Bd2 Be7 7. g3 a6 8. e5 Nd7
9. Bg2 b5 10. O-O g6 $5 ({Usual is} 10... O-O) 11. Ne2 Bb7 12. Be1 Nb6 13. Bf2
Qd7 14. c3 a5 15. g4 $5 h5 $1 16. h3 hxg4 17. hxg4 a4 18. b4 axb3 19. axb3 Rxa1
20. Qxa1 b4 21. c4 dxc4 $2 {Black gives up the pressure in the centre.} 22.
dxc4 Qd3 23. Qd1 $1 Qxd1 24. Rxd1 {White has a plus after the exchanges.} Na5
25. Nc1 $5 O-O 26. Rd2 $1 Ra8 27. Ra2 Bc6 28. Ng5 Bxg2 29. Kxg2 Nb7 30. Rxa8+
Nxa8 31. Nd3 $1 {Hort has the initiative.} Nc7 32. Ne4 Na6 33. Kh3 Kg7 34. Bh4
Bxh4 $6 (34... Bf8 {(Hort) avoids the potential zugzwang.}) 35. Kxh4 Kh6 36.
Nd6 $1 Nd8 $1 37. Nf2 Nb8 38. Nfe4 Nd7 39. Kg3 Kg7 40. Kh3 Kh7 41. Ng5+ Kg7 42.
Kh4 Kf8 43. Nge4 $1 Kg7 $2 ({Correct is} 43... Ke7 44. Kg5 Nc6 $1 45. Nb7 Nd4
$1 46. Nbxc5 Nxc5 47. Nxc5 Nf3+ 48. Kh6 g5 49. fxg5 Nxe5 {
and Black fights for a draw.}) 44. Kg5 Nc6 45. Ne8+ $1 Kf8 46. N8f6 Ncb8 ({Or} 
46... Ndb8 47. Nxc5 Nd4 48. Nfe4) 47. Kh6 $1 Nxf6 48. exf6 Nd7 49. Kh7 $1 e5
50. fxe5 Nxe5 51. g5 Nc6 (51... Nd7 52. Kh8 $1 Ke8 53. Kg8 {brings zugzwang.})
52. Nxc5 Nd4 53. Kh8 $1 Nc6 54. Nd3 Nd4 55. c5 $1 {
Vlastimil played a great endgame.} 1-0

[Event "Biel"]
[Site "14"]
[Date "1981.08.03"]
[Round "10"]
[White "Lobron, Eric"]
[Black "Toth, Bela"]
[Result "1-0"]
[WhiteElo "2395"]
[BlackElo "2400"]
[Annotator "JvR"]
[PlyCount "155"]
[EventDate "1981.07.24"]
[SourceDate "2013.10.27"]

1. Nf3 d5 2. g3 c5 3. Bg2 Nc6 4. d4 e6 5. O-O Nf6 6. c4 dxc4 7. Qa4 Bd7 8. Qxc4
Rc8 9. Nc3 b5 10. Qd3 cxd4 11. Nxd4 Ne5 12. Qd1 b4 $5 ({The alternative is} 
12... Qb6) 13. Ne4 Nd5 14. Bf4 $6 (14. Ng5 $5 {
will occur in Kortschnoj - Ivanchuk, Istanbul 2000.}) 14... Nxf4 15. gxf4 Ng6
16. e3 Be7 17. Qh5 Qb6 18. Rfd1 O-O 19. Nf3 $5 Be8 20. f5 exf5 21. Qxf5 Bc6 22.
Rd4 Bxe4 $6 ({Better is} 22... Bb7 $1 23. Bf1 Rc2 $1) 23. Qxe4 Rce8 24. Qc2 Bf6
25. Rd7 Ne5 26. Nxe5 Bxe5 27. Rad1 Qf6 28. b3 Qh4 29. f4 Bb8 30. Qf2 Qf6 31.
Bd5 Kh8 32. Bc4 Qb6 $5 33. R1d4 Qg6+ 34. Kf1 a5 35. R4d5 Qb1+ 36. Kg2 Qe4+ 37.
Qf3 Qg6+ ({Right is} 37... Qxe3 38. Qxe3 Rxe3 39. Rxa5 Bxf4 {
and the chances are equal.}) 38. Rg5 Qc2+ 39. Kh3 Qc3 40. Rd3 Qe1 41. Rxa5 {
White has gained a pawn.} Bc7 42. Rad5 Bb6 43. Re5 Rxe5 44. fxe5 Bc7 $2 (44...
f5 $1 45. e6 $1 Bd8 46. Rd7 Qh4+ 47. Kg2 Bf6 {counters at the right time.}) 45.
Rd7 $1 Bd8 46. Kg2 Qh4 47. Qf4 Qh5 48. e6 Qc5 49. Rxf7 Be7 50. Qg4 Rxf7 51.
exf7 Bf8 52. Qe6 $5 Qg5+ 53. Kh3 Qh5+ 54. Kg3 Qg5+ 55. Kf3 Qh5+ 56. Kg2 Qg5+
57. Kf1 Qf6+ 58. Qxf6 gxf6 59. e4 Kg7 60. Ke2 Bd6 61. h3 Kf8 62. Kd3 Ke7 63.
Bd5 Kd7 64. Kc4 Bf8 65. Kb5 Kc7 66. Bc4 Be7 67. Ka4 Kc6 68. a3 $1 {
He secures the win at last.} bxa3 69. b4 Kb6 70. Kxa3 Kc6 71. Kb3 Kd6 72. Ka4
Kc6 73. Ka5 Kb7 74. Bd5+ Kc7 75. b5 Ba3 76. b6+ Kc8 77. Ka6 Kb8 78. Kb5 {
A passed pawn will queen soon.} 1-0

[Event "Biel"]
[Site "14"]
[Date "1981.08.04"]
[Round "11"]
[White "Gruenfeld, Yehuda"]
[Black "Lobron, Eric"]
[Result "0-1"]
[WhiteElo "2515"]
[BlackElo "2395"]
[Annotator "JvR"]
[PlyCount "78"]
[EventDate "1981.07.24"]
[SourceDate "2013.10.27"]

1. e4 c6 2. d4 d5 3. Nc3 dxe4 4. Nxe4 Bf5 5. Ng3 Bg6 6. h4 h6 7. Nf3 Nd7 8. h5
Bh7 9. Bd3 Bxd3 10. Qxd3 e6 11. Bd2 Ngf6 12. Qe2 Be7 13. O-O-O a5 14. Ne5 a4
15. f4 a3 16. b3 O-O $2 ({Better is} 16... Qb6 {
(Heidrich - Lobron, Germany 1981).}) 17. f5 $1 Nxe5 ({Or} 17... Nd5 18. Nxf7 $1
Rxf7 19. fxe6) 18. dxe5 Nd5 19. Kb1 $2 (19. c4 $1 Qb6 $1 20. cxd5 Qd4 21. Kc2
$1 Qb2+ 22. Kd3 Qxa2 23. Rb1 {wins for White.}) 19... Qb6 20. c4 Qd4 21. Be1
Nc3+ 22. Bxc3 Qxc3 23. Rd3 Qa5 $1 {Black has an edge.} 24. f6 $5 gxf6 25. exf6
Bxf6 26. Ne4 Bg7 27. c5 f5 $6 28. Nd6 $1 Qxc5 29. Rc1 Qa7 30. Qxe6+ Kh8 31.
Rcd1 b5 32. R3d2 Rf6 33. Qe2 Rff8 34. Rc2 f4 35. Rxc6 Qe3 36. Qxb5 $4 (36. Rc2
b4 37. Nc4 Qxe2 38. Rxe2 {defends properly.}) 36... f3 $1 37. g4 $5 f2 38. Nf5
Qe4+ 39. Kc1 Rxf5 $1 {The final standings became: Hort and Lobron 101/2/13,
Stean 91/2, Wirthensohn 9, Toth 8, Kurajica 71/2, Grünfeld 7, Cuartas 61/2,
Züger and Partos 5, Franzoni 4, Bichsel and Hammer 31/2, Känel 11/2.} ({
The pointe is} 39... Rxf5 40. gxf5 Bb2+ 41. Kd2 Rd8+) 0-1

[Event "Biel"]
[Site "15"]
[Date "1982.07.??"]
[Round "3"]
[White "Mariotti, Sergio"]
[Black "Hort, Vlastimil"]
[Result "0-1"]
[WhiteElo "2455"]
[BlackElo "2600"]
[Annotator "JvR"]
[PlyCount "64"]
[EventDate "1982.07.??"]
[SourceDate "2013.10.27"]

{The fifteenth Schachfestival was played in July 1982.} 1. e4 c6 2. Nc3 d5 3.
Nf3 dxe4 4. Nxe4 Nf6 5. Qe2 Bg4 $5 6. h3 Bh5 7. Ng3 $5 Bg6 8. Ne5 $6 ({
Preferable is} 8. d4 $1) 8... Nbd7 9. Nxg6 hxg6 10. b3 $5 e6 11. Bb2 Qa5 $1 12.
a3 Rh4 $5 13. Qf3 Bd6 14. Be2 Rf4 15. Qd3 Qc7 16. Bf3 Be5 17. c3 $6 ({
Slightly better is} 17. Bc3 Bxc3 18. Qxc3) 17... Bd6 (17... Nc5 $1 18. Qe2 Nxb3
19. Rb1 {(Hort) also favours Black.}) 18. Qc2 $2 (18. Qe3 {avoids a disaster.})
18... Rxf3 $1 19. gxf3 Bxg3 20. fxg3 Qxg3+ 21. Kf1 ({Or} 21. Ke2 Qg2+ 22. Ke3
Nd5+) 21... Qxf3+ 22. Kg1 Qg3+ 23. Kf1 Qf3+ 24. Kg1 Ne4 25. d4 Qe3+ 26. Kg2
Qg5+ 27. Kf1 ({The pointe is} 27. Kf3 Qg3+ $1 28. Kxe4 f5#) 27... Qf4+ 28. Kg1
Qe3+ 29. Kg2 Qg5+ 30. Kf1 Ng3+ 31. Kg2 Nf5+ $1 32. Kh2 $5 Qg3# {
Hort attacked successfully.} 0-1